Statystyki dla Odgadnij państwo po obrazku

Kliknij tutaj aby rozwiązać quiz!

Ogólne statystyki

  • Ten quiz został rozwiązany 22 861 razy
  • Średni wynik to 11 z 16

Statystyki odpowiedzi

Odpowiedź% Poprawnych
Niemcy
97%
Brazylia
93%
Australia
90%
Stany Zjednoczone
90%
Grecja
88%
Rosja
86%
Wielka Brytania
86%
Irlandia
82%
Włochy
75%
Malezja
65%
Japonia
62%
Meksyk
56%
Indie
51%
Kanada
42%
Czad
32%
Zimbabwe
16%

Rozkład punktacji

Percentyl według liczby udzielonych odpowiedzi

Procent ludzi z każdym wynikiem

Twoja historia wyników

Nie rozwiązałeś tego quizu